000 00450cam a2200181ua 4500
020 _c1.75
041 _amal
_h
082 _a894.8124
_bGOV/GH
100 _aGovindan Kutty Nair, Ullattil.
245 _aGhandapatham /
_cUllattil Govindan Kutty Nair.
_hTextual Documents
260 _aCalicut :
_bP K Brothers ,
_c1964.
300 _a139 ; .
365 _a1.75
504 _a
942 _cBK
999 _c5938
_d5938